000 00936nas a2200301 4500
001 BR0602404
003 BR-BrBNA
005 20231205110035.0
007 ta
008 230509b bl.|||p| |||| 00| 00por d
040 _aBR-BrBNA
_bpor
_cBiblioteca Nacional de Agricultura
041 _a(Pt)
072 _aJ11; Q04
100 1 _aBrackmann, A.
100 1 _aTrevisan, J.N.
100 1 _aMartins, G.A.K.
100 1 _aFreitas, S.T. de
100 1 _aMello, A.M. de
245 1 _aQualidade pós-colheita de couve-flor 'Teresópolis gigante' tratada com etileno, absorvedor de etileno e 1-metilciclopropeno
650 _aCOUVE-FLOR
650 _aARMAZENAMENTO
650 _aPERMANGANATO DE POTÁSSIO
650 _aQUALIDADE
650 _aETILENO
773 0 _tCiência Rural (Brazil)
_xISSN 0103-8478
_g(Nov-Dec 2005), v. 35(6) p. 1444-1447
_wBR0602404
909 _a202311
_bLúcia
_c55
_dLúcia Elande
942 _2AGRIS
_n0
_cANA
999 _c185935
_d185935